000 00747nam a22002652 4500
001 0000025133
005 20151217145951.0
008 141217s xx 000 0 eng d
020 _a9780754627869 :
_c
040 _aKABU
_cKABU
050 0 _a
_b
100 1 _a
_d
245 1 4 _aThe Ethics of the environment :
_b
_cedited by Robin Attfield.
250 _a
260 _aBurlington, VT :
_bAshgate,
_c2008.
300 _axxx, 620 p. :
_b
_c
500 _a
504 _a
650 0 _aEnvironmental ethics.
_@0000160202
650 0 _aEnvironmental sciences
_xPhilosophy.
_@0000185548
650 0 _a
700 1 _aAttfield, Robin,
_d
_@0000185549
852 1 _9p31,984KES
908 _a141217
999 _c4606
_d4606